Antworten mit gleichem Anfangs- und Endbuchstaben: U – W - Statistiken

Allgemein
  • Dieses Quiz wurde 223 mal gespielt
  • Das Durchschnittsergebnis liegt bei 12 aus 32
Antwortstatistiken
Hinweis Antwort % Korrekt
Nachtvogel, Eule Uhu
100%
nicht exakt ungenau
90%
größere Veränderung eines bestehenden Gebäudes; auch eine mögliche deutsche Übersetzung von перестройка (Perestroika) Umbau
82%
wortbrüchig, verräterisch; Ehebruch begehend untreu
80%
Arbeitssuche von Seeleuten; Titel einer Fernsehsendung im MDR; Gesundheitsmagazin, das kostenlos in Apotheken ausliegt: "Apotheken-..." Umschau
79%
Vulkan in Italien Vesuv
77%
Abkürzung für World Wide Web WWW
74%
englisch: Fenster window
71%
Ausruf des Erstaunens oder der Begeisterung wow!
65%
Inselberg in der zentralaustralischen Wüste; wird auch "Ayers Rock" genannt Uluru
61%
Verkehrsstockung auf der Autobahn in der Ferienzeit (11 Buchstaben) Urlaubsstau
51%
Grundlage / tragende Elemente eines Bauwerks Unterbau
39%
Abkürzung für eine Himmelsrichtung (16er-Teilung) WNW (Westnordwest) / WSW (Westsüdwest)
36%
eine der Amtssprachen in Pakistan Urdu
33%
englischer Name einer europäischen Hauptstadt Warsaw
33%
Vorname des 28. Präsidenten der USA: ... Wilson Woodrow
28%
Wenn Sie den weltweit bekannten Passionsspielort in Bayern kennen, dann sollte es Ihnen nicht allzu schwer fallen, den Namen der nordwestlich gelegenen Nachbargemeinde zu erraten. (13 Buchstaben) Unterammergau
27%
Er arbeitet im Auftrag eines Unternehmens, bei dem viele Personen einen Geldbetrag einzahlen, um im Schadensfall von diesem Unternehmen einen Schadensausgleich zu erhalten. Sein Job besteht darin, Fälle von Betrug an dem Unternehmen aufzudecken. (20 Buchstaben) Versicherungsdetektiv
27%
Schauspieler, bekannt aus der "Schwarzwaldklinik" (1929 – 2007): Klausjürgen ... Wussow
27%
Abkürzung eines niederländischen Fußballvereins aus Venlo VVV
24%
"neudeutscher" (d. h. englischer) Begriff für Arbeitsablauf Workflow
21%
polnischer Name der nach Einwohnern drittgrößten polnischen Stadt Wrocław
19%
Sammlung von Filmmaterial Videoarchiv
17%
Jeden Dezember läuft so manche davon im deutschen Fernsehen. (Singular; 14 Buchstaben) Weihnachtsshow
17%
Landkreis in Bayern (11 Buchstaben) Unterallgäu
16%
grammatischer Fall (Kasus) der Anrede, z. B. im Lateinischen, Griechischen, Rumänischen und Polnischen Vokativ
14%
Dieser Farbton füllt zu zwei Dritteln die Flagge von Barbados aus. Ultramarinblau
10%
vielbefahren (auf eine Straße/Kreuzung/Stadt bezogen) (16 Buchstaben) verkehrsintensiv
8%
US-amerikanischer Schauspieler, Komiker und Geräusche-Imitator (* 1958): Michael ... Winslow
8%
einer der längsten Flüsse in Mecklenburg-Vorpommern (ca. 155 km) Warnow
6%
Die NATO wurde als solches gegründet (21 Buchstaben) Verteidigungskollektiv
3%
Biologie: ungeschlechtlich; Medizin: unbewusst, unwillkürlich vegetativ
2%
Keine übereinstimmenden Quizze gefunden
Verteilung der Resultate
Anzahl Personen mit jedem Resultat
Perzentil nach korrekt beantworteten Fragen
Ihre Resultats-Entwicklung
Sie haben dieses Quiz noch nicht gespielt